Responses for show #4594 - Thursday, July 22, 2004

Ken Jennings game 37.

Contestants

[<< previous game]

Denele Hamada, a compensation analyst from Honolulu, Hawaii

Michael Jaeger, a freelance director from Los Angeles, California

Ken Jennings, a software engineer from Salt Lake City, Utah (whose 36-day cash winnings total $1,194,660)

[next game >>]

Jeopardy! Round responses

SEDIMENTARY ROCK
DRUGS IN THE MOVIES
STUPID ANSWERS
THE 1870s
POTPOURRI
RELIGIOUS HOMOPHONES
    $200 1
(Alex: Say hello to my little friend.)

Scarface

Ken
    $200 6
Sidney Sheldon

Ken
    $200 13
Justice

Ken
    $200 21
a whistle

Michael
    $200 11
none (nun)

Ken
    $400 26
layers of rock

Ken
    $400 2
Up In Smoke

Michael
    $400 7
a gin and tonic

Ken
    $400 16
temperance

Ken
    $400 22
Esau

Ken
    $400 12
sole (soul)

Michael
    $3,200 27
brownstone

Ken
    $600 3
The Man With The Golden Arm

Ken
    $600 8
Ozzfest

Ken
    $600 18
Chief Joseph

Ken
    $600 23
North Carolina

Ken
    $600 14
missile (missal)

Ken
    $800 28
(Michael: What is Liar?)
(Alex: What is [*]?)
(Michael: Oh.)
(Alex: We have [*], we Cheatum and Howe.)

Gypsum

Michael
Triple Stumper
    $800 4
Drugstore Cowboy

Ken
    $800 9
All Things Considered

Ken
    $800 19
Mississippi

Triple Stumper
    $800 24
Dionysus

Ken
    $800 15
alter (altar)

Michael
    $1000 29
[The end-of-round signal sounds.]

limestone

Ken
    $1000 5
Rush

Michael
    $1000 10
[Applause for Ken's run of the category]
(Alex: Wait a minute, wait a minute. Please, ladies and gentlemen, you do not applaud when somebody runs the STUPID ANSWERS category. It says more about you than it does about him.)

Louis Pasteur

Ken
    $1000 20
Joseph Pulitzer

Ken
    $1000 25
Sucre

Ken
    $1000 17
censer (censor)

Ken

Scores at the first commercial break (after clue 12):

Ken Michael Denele
$4,800 $1,800 $0

Scores at the end of the Jeopardy! Round:

Ken Michael Denele
$16,000 $2,000 $0

Double Jeopardy! Round responses

SENTIMENTAL ROCK
(Alex: Not sedimentary.)
FICTIONAL CHARACTERS
PHOTOGRAPHY
FORMER CAPITALS
NOTABLE WOMEN
A BRAND NEW "YOU"
    $400 26
Bad Company

Triple Stumper
    $400 6
Odysseus

Ken
    $400 16
Mathew Brady

Michael
    $400 11
New York

Denele
    $400 1
a Nobel Prize

Ken
    $400 21
"you have the right to remain silent"

Ken
    $800 27
Foreigner

Michael
    $800 7
Lady Windermere

Ken
    $800 17
the shutter

Ken
    $800 12
Louisiana

Ken
    $800 2
a piano

Ken
    $800 22
"you can't teach an old dog new tricks"

Ken
    $1200 28
(Alex: Hey, I'm tired, folks. I used to drive a REO.)

"Keep On Loving You" or "Can't Fight This Feeling"

Triple Stumper
    $1200 8
siblings

Ken
    $6,000 18
(Alex: Once again, you have beaucoups de bucks. $24,000. It looks to me like...)
(Ken: $6,000, Alex.)
(Alex: $6,000. Check it out, folks. I was ready for him.)

Louis Daguerre

Ken
    $1200 13
Tuscaloosa

Ken
    $1200 3
Rosemary Woods

Ken
    $1200 23
You Are There

Ken
    $1600 29
[The end-of-round signal sounds.]

Whitesnake

Triple Stumper
    $1600 9
Anna Karenina

Denele
    $1600 19
pixels

Ken
    $1600 14
(Ken: What is Wilmington?)

Newcastle

Ken
Triple Stumper
    $1600 4
Nellie Tayloe Ross

Triple Stumper
    $6,000 24
You Can't Go Home Again

Ken
    $2000 10
Captain Queeg

Ken
    $2000 20
Margaret Bourke-White

Michael
    $2000 15
Georgia

Denele
    $2000 5
(Denele: Who is Margaret Smith Court?)

Virginia Wade

Denele
Triple Stumper
    $2000 25
You Can't Take It With You

Ken

Scores at the end of the Double Jeopardy! Round:

Ken Michael Denele
$42,000 $5,200 $2,000
(lock game)

[wagering suggestions for these scores]

Final Jeopardy! Round responses

20th CENTURY U.S. PRESIDENTS
(Alex: [To Ken] You're doing this just to bug me, aren't you? You've tied the record for a third time. $1,246,660.)
DeneleWho
$800
MichaelWho are Clinton & Truman
$1,199
KenWho are Reagan and Clinton?
$10,000
Ronald Wilson Reagan & William Jefferson Clinton

Final scores:

Ken Michael Denele
$52,000 $4,001 $1,200
37-day champion: $1,246,660 2nd place: $2,000 3rd place: $1,000

Game dynamics:

Coryat scores:

Ken Michael Denele
$30,200 $5,200 $2,000
39 R
(including 3 DDs),
1 W
8 R,
1 W
3 R,
1 W

Combined Coryat: $37,400

The J! Archive is created by fans, for fans. The Jeopardy! game show and all elements thereof, including but not limited to copyright and trademark thereto, are the property of Jeopardy Productions, Inc. and are protected under law. This website is not affiliated with, sponsored by, or operated by Jeopardy Productions, Inc. Join the discussion at JBoard.tv.